| 000 | 00728nam a2200217 i 4500 | ||
|---|---|---|---|
| 001 | bg | ||
| 245 | 0 | 0 |
_aSłownik biograficzny techników polskich / _c[red. naczelny Tadeusz Skarzyński] ; Federacja Stowarzyszeń Naukowo-Technicznych. _nZ. 6. |
| 260 |
_aWarszawa : _bFSNT, _c1995. |
||
| 300 |
_a189, [1] s. ; _c24 cm. |
||
| 504 | _aBibliogr. przy hasłach. - Indeks. | ||
| 650 | 9 |
_aInżynierowie _xbiografie _zPolska _y20 w. |
|
| 650 | 9 |
_aPracownicy naukowi _xbiografie _zPolska _y20 w. |
|
| 700 | 1 |
_aSKARZYŃSKI, Tadeusz. _eRed. |
|
| 020 | _a8385001328 (z. 6) | ||
| 040 | _cBPK | ||
| 041 | 0 | _apl | |
| 080 | _a62:929](438)"19" | ||
| 920 | _a83-85001-32-8 (z. 6) | ||
| 942 | _cKS | ||
| 008 | s pl f |000 0 pol | ||
| 999 |
_c31453 _d31453 |
||
| 856 |
_uhttp://koha.tu.koszalin.pl/cgi-bin/koha/opac-detail.pl?biblionumber=31453 _yKatalog online BPK |
||